LEADER 02063nam 2200469 450 001 000014545 005 20050718115500.0 010 $a3-540-08539-4 100 $a20030626d1978----km-y0itay0103----ba 101 0 $aeng 102 $aDE 200 1 $aNumerical treatment of differential equations$eproceedings of a conference held at Oberwolfach, July 4-10, 1976$fedited by R. Bulirsch, R. D. Grigorieff, J. Schroder 210 $aBerlin [etc.]$cSpringer$d1978 215 $aIX, 219 p.$d25 cm. 225 2 $aLecture notes in mathematics$v631 410 0$12001$aLecture notes in mathematics 606 $aEquazioni differenziali$xCongressi 606 $aAnalisi numerica$xCongressi 676 $a515.35$v(21. ed.)$9Equazioni differenziali 691 $a35-04$9Partial differential equations. Explicit machine computation and programs (not the theory of computation or programming) 691 $a65B05$9Numerical analysis. Acceleration of convergence. Extrapolation to the limit, deferred corrections 691 $a65Q05$9Numerical analysis. Difference and functional equations, recurrence relations 691 $a65Rxx$9Numerical analysis. Integral equations, integral transforms 691 $a65Lxx$9Numerical analysis. Ordinary differential equations 691 $a65Pxx$9Numerical analysis. Numerical problems in dynamical systems 702 1$aBulirsch,$bR. 702 1$aGrigorieff,$bR. D. 702 1$aSchroeder,$bJ. 801 0$aIT$bUniversità della Basilicata - B.I.A.$gRICA$2unimarc 912 $a000014545 996 $aNumerical treatment of differential equations$980547 997 $aUNIBAS BAS $aMONSCI BAS $aSCIENZE CAT $aEXT002$b01$c20030626$lBAS01$h1232 CAT $c20050601$lBAS01$h1755 CAT $abatch$b01$c20050718$lBAS01$h1052 CAT $c20050718$lBAS01$h1111 CAT $c20050718$lBAS01$h1141 CAT $c20050718$lBAS01$h1155 FMT Z30 -1$lBAS01$LBAS01$mBOOK$1BASA2$APolo Tecnico-Scientifico$2GEN$BCollezione generale$3MAT$631834$5S31834$820030626$f51$FRiservati LEADER 02329nam 2200553Ia 450 001 9910480658003321 005 20170816122735.0 010 $a1-282-40218-8 010 $a9786612402180 010 $a90-485-1126-7 035 $a(CKB)1000000000806959 035 $a(EBL)474303 035 $a(OCoLC)489041396 035 $a(SSID)ssj0000338652 035 $a(PQKBManifestationID)12081103 035 $a(PQKBTitleCode)TC0000338652 035 $a(PQKBWorkID)10295442 035 $a(PQKB)10935678 035 $a(MiAaPQ)EBC474303 035 $a(EXLCZ)991000000000806959 100 $a20090728d2009 uy 0 101 0 $adut 135 $aur|n|---||||| 181 $ctxt 182 $cc 183 $acr 200 10$aHoe God emigreerde naar Amerika$b[electronic resource] $egeografische bespiegelingen over godsdienst in Europa en de Verenigde Staten /$fHans Knippenberg 210 $aAmsterdam $cVossiuspers UvA$d2009 215 $a1 online resource (30 p.) 225 1 $aVOR afscheidsrede 300 $aSpeech delivered at the University of Amsterdam at the professor's farewell, May 26 2009. 311 $a90-5629-594-2 320 $aIncludes bibliographical references. 330 $aTussen Europa en de Verenigde Staten bestaan verschillen in de mate waarin godsdienst een rol speelt in het dagelijks leven, en in de publieke sfeer. Waar Europa reeds lang het toneel is van een voortschrijdende secularisering, blijft godsdienst een wezenlijk element in de Amerikaanse politiek en cultuur. Daarom vormt de VS een levendige markt van elkaar beconcurrerende godsdienstige 'ondernemers', die voor een zeer gevarieerd aanbod zorgen. Hans Knippenberg probeert in zijn afscheidscollege dit verschil tussen Europa en de VS te verklaren aan de hand van bestaande sociaalwetenschappelijke the 410 0$aVOR afscheidsrede 606 $aReligion and sociology$zEurope 606 $aReligion and sociology$zUnited States 608 $aElectronic books. 615 0$aReligion and sociology 615 0$aReligion and sociology 676 $a306.6094 700 $aKnippenberg$b Hans$f1945-$0982405 801 0$bMiAaPQ 801 1$bMiAaPQ 801 2$bMiAaPQ 906 $aBOOK 912 $a9910480658003321 996 $aHoe God emigreerde naar Amerika$92242207 997 $aUNINA